005540000a2200157000450024501360000065000160013665000280015265000270018065000140020765100350022104100130025670000230026970000220029210000270031477300550034110aSeasonal population phenology and habitat preferences of montane harvestmen () from southwestern new México14aFenología14aCondiciones ambientales14aSelección de habitat14aOpiliones 4dNuevo MéxicopEstados Unidos0 aInglés1 aMackay, William P.1 aMuma, Martín H.1 aCokendolpher, James C.1 tSouthwestern Naturalist3458h3q236-240d1993g38